NBA Click Quiz - Statistics

General Stats
  • This quiz has been taken 34 times
  • The average score is 12 of 15
Answer Stats
Hint Answer % Correct
The beard James Harden
96%
The three point king of the new era Steph Curry
96%
Spurs 20 year coach Greg Popovic
92%
Grizzlies player with a nasty dunking ability Ja Morant
92%
The king who has played since 2003 LeBron James
92%
The best NBA player ever Michael Jordan
92%
A Nigerian and Greek player Giannis Antetokounmpo
88%
Boston three point specalist Larry Bird
85%
The Spider Donovan Mitchell
81%
Australian triple double master Josh Giddey
77%
Hosts ______ a fool Shaquille O'neal
73%
Did the nastiest crossover on Tyron Lue Allen Iverson
69%
One of the NBA's first MVPs Bob Pettit
69%
The Glove Gary Payton
58%
Fierce dunker and seattle superstar Shawn Kemp
58%
No matching quizzes found
Score Distribution
Percent of People with Each Score
Percentile by Number Answered
Your Score History
You have not taken this quiz